000 00263nam a2200109Ia 4500
999 _c8199
_d8199
020 _a978-1571691606
100 _aRobert Lafore
245 4 _aThe Waite Group's Object - Oriented Programming in C++
260 _aUK
_b McGraw Hill
_c2000
300 _a693
942 _cBK